Analýza a trendy počítadiel webových stránok na Slovensku diplomová práca

Enregistré dans:
Détails bibliographiques
Auteur principal: Gríková, Eliška
Collectivité auteur: Fakulta hospodárskej informatiky EU. Katedra aplikovanej informatiky
Autres auteurs: Szivósová, Mária, 1958-
Format: Livre
Langue:slovaque
Publié: Bratislava 2021
Tags: Ajouter un tag
Pas de tags, Soyez le premier à ajouter un tag!

MARC

LEADER 00000nbm a2200000 4500
001 0276128
005 20220318124822.3
041 0 |a slo 
044 |a SK 
245 1 0 |a Analýza a trendy počítadiel webových stránok na Slovensku  |b diplomová práca  |c Eliška Gríková ; školiteľ: Mária Szivósová 
264 1 |a Bratislava  |c 2021 
300 |a 71 s. 
100 1 |a Gríková, Eliška 
700 1 |a Szivósová, Mária, 1958- 
710 2 |a Fakulta hospodárskej informatiky EU. Katedra aplikovanej informatiky